000 00868nam a2200277Ia 4500
003 OSt
005 20250806093813.0
008 210210b1945 xxu||||| |||| 00| 0 eng d
040 _cAL
041 _aKannada
082 _a852/540
100 _aVENKATARAMANA SHASTRI
_dವೆಂಕಟರಮಣ ಶಾಸ್ತ್ರಿ tr
_9234115
245 _aVishnu dharmottara mahapuranam: Prathama khanda bhaga 3
_bವಿಷ್ಣು ಧರ್ಮೋತ್ತರ ಮಹಾಪುರಾಣಂ: ಪ್ರಥಮ ಖಂಡ
260 _aMaisUru
_b-
_c1945
440 _a3
_9234116
650 _aVishNu
_9234117
650 _aPrathama
_9234118
650 _amahapuraNam:
_9234119
650 _akhanDa
_9234120
650 _adharmottara
_9234121
650 _abhaga
_9234122
650 _a3
_9234123
690 _aKannada Prose
_9234124
906 _a019106
942 _2ddc
_cBK
999 _c143216
_d143216